| 000 | 00437nam a22001697a 4500 | ||
|---|---|---|---|
| 005 | 20251024115423.0 | ||
| 008 | 251024b |||||||| |||| 00| 0 eng d | ||
| 040 |
_aIN-DiNC _cIN-DiNC |
||
| 041 | _dasm | ||
| 082 |
_a891.4513 _bDUT |
||
| 100 |
_aDutta, Mukut _eauthor |
||
| 245 |
_aCaharar din rati/ _cby Mukut Dutta |
||
| 260 |
_aDibrugarh: _bBibha Konwar, _cna |
||
| 300 | _a97p. | ||
| 650 | _aAssamese short stories | ||
| 942 |
_2ddc _cBK |
||
| 999 |
_c12292 _d12292 |
||